Bibliography of the writings of Sir Winston Churchill / (Record no. 221925)

MARC details
000 -LEADER
fixed length control field 01005nam a2200325 a 4500
001 - CONTROL NUMBER
control field vtls000214782
003 - CONTROL NUMBER IDENTIFIER
control field NLI
005 - DATE AND TIME OF LATEST TRANSACTION
control field 20210602121433.0
008 - FIXED-LENGTH DATA ELEMENTS--GENERAL INFORMATION
fixed length control field 101126s2006 enk b 001 0 eng
020 ## - INTERNATIONAL STANDARD BOOK NUMBER
International Standard Book Number 0826472354 :
Terms of availability PND 4.50
039 #9 - LEVEL OF BIBLIOGRAPHIC CONTROL AND CODING DETAIL [OBSOLETE]
-- 201011260105
-- VLOAD
040 0# - CATALOGING SOURCE
Original cataloging agency NLI
Language of cataloging eng
Transcribing agency Entertech-FY 2010
Description conventions AACR2
041 0# - LANGUAGE CODE
Language code of text/sound track or separate title eng
044 ## - COUNTRY OF PUBLISHING/PRODUCING ENTITY CODE
MARC country code enk
082 04 - DEWEY DECIMAL CLASSIFICATION NUMBER
Classification number 012
100 1# - MAIN ENTRY--PERSONAL NAME
Personal name Cohen, Ronald I.
9 (RLIN) 404834
245 10 - TITLE STATEMENT
Title Bibliography of the writings of Sir Winston Churchill /
Statement of responsibility, etc. Ronald I. Cohen
260 ## - PUBLICATION, DISTRIBUTION, ETC.
Place of publication, distribution, etc. London :
Name of publisher, distributor, etc. Thoemmes,
Date of publication, distribution, etc. c2006
300 ## - PHYSICAL DESCRIPTION
Extent 2 v ;
Dimensions 25 cm.
504 ## - BIBLIOGRAPHY, ETC. NOTE
Bibliography, etc. note Includes bibliographical references and index
600 10 - SUBJECT ADDED ENTRY--PERSONAL NAME
Personal name Churchill, Winston,
Dates associated with a name 1874-1965
Form subdivision Bibliography
9 (RLIN) 271546
887 ## - NON-MARC INFORMATION FIELD
Content of non-MARC field
901 ## - LOCAL DATA ELEMENT A, LDA (RLIN)
a 553842
b 11.8.2006
9 v.1
901 ## - LOCAL DATA ELEMENT A, LDA (RLIN)
a 553843
b 11.8.2006
9 v.2
902 ## - LOCAL DATA ELEMENT B, LDB (RLIN)
a E/O 012 C 66
949 ## - LOCAL PROCESSING INFORMATION (OCLC)
-- VIRTUAITEM
-- 10000
-- 100
6 PUR000553842ENG
9 v.1
942 ## - ADDED ENTRY ELEMENTS (KOHA)
Source of classification or shelving scheme Dewey Decimal Classification
Koha item type Books
949 ## - LOCAL PROCESSING INFORMATION (OCLC)
-- VIRTUAITEM
-- 10000
-- 100
6 PUR000553843ENG
9 v.2
991 ## -
-- d.de
Holdings
Withdrawn status Lost status Damaged status Not for loan Collection code Home library Current library Shelving location Date acquired Total Checkouts Full call number Barcode Date last seen Price effective from Koha item type
        New English Oversized National Library of India National Library of India New English Oversized - Main Stack Division     E/O 012 C 66 PUR000553842ENG 02/06/2021 02/06/2021 Books
        New English Oversized National Library of India National Library of India New English Oversized - Main Stack Division     E/O 012 C 66 PUR000553843ENG 02/06/2021 02/06/2021 Books
                                                                           
web counter

Copyright ©2020 The National Library of India, Govt. of India ↔ Hosted by NVLI, MOC ↔ Technology and Design by National Library of India, Ministry of Culture, Govt. of India